| 000 | 00799nam a2200217Ia 4500 | ||
|---|---|---|---|
| 003 | GCL | ||
| 008 | 140319s9999 xx 000 0 ara d | ||
| 020 | _a?007011977 | ||
| 040 |
_aGCL / _cGCL |
||
| 082 | 0 | 4 |
_a250 _bت ا |
| 100 | 1 | _aابن تيمية : شهاب الدين ابوالمحاسن عبدالحليم | |
| 245 | 1 | 0 |
_aاقتضاء الصراط المستقيم : _bمخالفة اصحاب الجحيم / _cابن تيمية : شهاب الدين ابوالمحاسن عبدالحليم |
| 260 |
_aالقاهرة : _bدار الحديث ، _c1993 |
||
| 300 |
_a420 ص ؛ _c24 سم |
||
| 490 | _a | ||
| 650 | 0 | 4 | _aالاسلام |
| 650 | 0 | 4 | _aالاحكام الشرعية |
| 650 | 0 | 4 | _aالشريعة الاسلامية |
| 650 | 0 | 4 | _aالفقه الاسلامى |
| 942 |
_2ddc _cBK |
||
| 999 |
_c31788 _d31788 |
||